<?xml version="1.0" encoding="UTF-8"?>
<record
    xmlns:xsi="http://www.w3.org/2001/XMLSchema-instance"
    xsi:schemaLocation="http://www.loc.gov/MARC21/slim http://www.loc.gov/standards/marcxml/schema/MARC21slim.xsd"
    xmlns="http://www.loc.gov/MARC21/slim">

  <leader>01308nam a22002657a 4500</leader>
  <controlfield tag="005">20170124103156.0</controlfield>
  <datafield tag="010" ind1=" " ind2=" ">
    <subfield code="a">B-144402</subfield>
  </datafield>
  <datafield tag="020" ind1=" " ind2=" ">
    <subfield code="c">175.00</subfield>
    <subfield code="a">8188729106</subfield>
  </datafield>
  <datafield tag="035" ind1=" " ind2=" ">
    <subfield code="a">B-144402</subfield>
  </datafield>
  <datafield tag="037" ind1=" " ind2=" ">
    <subfield code="b">Cen Lib/Ret</subfield>
  </datafield>
  <datafield tag="040" ind1=" " ind2=" ">
    <subfield code="a">DPL</subfield>
    <subfield code="b">HN</subfield>
  </datafield>
  <datafield tag="082" ind1=" " ind2=" ">
    <subfield code="a">921</subfield>
    <subfield code="b">&#x932;&#x93E;&#x91C;&#x92A;</subfield>
  </datafield>
  <datafield tag="100" ind1=" " ind2=" ">
    <subfield code="a">&#x932;&#x93E;&#x91C;&#x92A;&#x924;&#x930;&#x93E;&#x92F; </subfield>
    <subfield code="9">89671</subfield>
  </datafield>
  <datafield tag="245" ind1=" " ind2=" ">
    <subfield code="a">&#x907;&#x91F;&#x932;&#x940; &#x915;&#x93E; &#x92E;&#x939;&#x93E;&#x928; &#x926;&#x947;&#x936;&#x92D;&#x915;&#x94D;&#x924; : </subfield>
    <subfield code="c">&#x932;&#x93E;&#x91C;&#x92A;&#x924;&#x930;&#x93E;&#x92F;; &#x938;&#x902;&#x92A;&#x93E;&#x926;&#x915; &#x92D;&#x935;&#x93E;&#x928;&#x940;&#x932;&#x93E;&#x932; &#x92D;&#x93E;&#x930;&#x924;&#x940;&#x92F; </subfield>
    <subfield code="b">&#x917;&#x948;&#x930;&#x940; &#x935;&#x93E;&#x932;&#x94D;&#x921;&#x940; /</subfield>
  </datafield>
  <datafield tag="246" ind1=" " ind2=" ">
    <subfield code="a">Itali ka mahan deshbhakt : Gairi Waldi /</subfield>
    <subfield code="b">by Lajpat Rai; sampadak Bhawani Lal Bhartiya</subfield>
  </datafield>
  <datafield tag="260" ind1=" " ind2=" ">
    <subfield code="a">&#x928;&#x908; &#x926;&#x93F;&#x932;&#x94D;&#x932;&#x940; </subfield>
    <subfield code="b">&#x938;&#x941;&#x915;&#x940;&#x930;&#x94D;&#x924;&#x93F; &#x92A;&#x92C;&#x94D;&#x932;&#x93F;&#x915;&#x947;&#x936;&#x928;&#x94D;&#x938; </subfield>
    <subfield code="c">2004</subfield>
  </datafield>
  <datafield tag="270" ind1=" " ind2=" ">
    <subfield code="b">&#x928;&#x908; &#x926;&#x93F;&#x932;&#x94D;&#x932;&#x940; </subfield>
    <subfield code="a">41, &#x92E;&#x947;&#x927;&#x93E; &#x905;&#x92A;&#x93E;&#x930;&#x94D;&#x91F;&#x92E;&#x947;&#x902;&#x91F;, &#x92E;&#x92F;&#x942;&#x930; &#x935;&#x93F;&#x939;&#x93E;&#x930;-1</subfield>
    <subfield code="e">110091</subfield>
  </datafield>
  <datafield tag="300" ind1=" " ind2=" ">
    <subfield code="a">167&#x92A;&#x943;. </subfield>
    <subfield code="c">21&#x938;&#x947;&#x92E;&#x940; (&#x938;&#x91C;&#x93F;&#x932;&#x94D;&#x926;)</subfield>
  </datafield>
  <datafield tag="650" ind1=" " ind2=" ">
    <subfield code="a">&#x926;&#x947;&#x936;&#x92D;&#x915;&#x94D;&#x924; -- &#x91C;&#x940;&#x935;&#x928;&#x940; -- &#x907;&#x91F;&#x932;&#x940; </subfield>
    <subfield code="9">89672</subfield>
  </datafield>
  <datafield tag="650" ind1=" " ind2=" ">
    <subfield code="a">&#x917;&#x948;&#x930;&#x940; &#x935;&#x93E;&#x932;&#x94D;&#x921;&#x940; -- &#x91C;&#x940;&#x935;&#x928;&#x940; -- &#x907;&#x91F;&#x932;&#x940; </subfield>
    <subfield code="9">89673</subfield>
  </datafield>
  <datafield tag="650" ind1=" " ind2=" ">
    <subfield code="a">Patriots - Biography - Italy</subfield>
    <subfield code="9">89674</subfield>
  </datafield>
  <datafield tag="650" ind1=" " ind2=" ">
    <subfield code="a">Gary Waldie - Biography - Italy</subfield>
    <subfield code="9">89675</subfield>
  </datafield>
  <datafield tag="700" ind1=" " ind2=" ">
    <subfield code="a">&#x932;&#x93E;&#x91C;&#x92A;&#x924;&#x930;&#x93E;&#x92F; </subfield>
    <subfield code="9">89676</subfield>
  </datafield>
  <datafield tag="942" ind1=" " ind2=" ">
    <subfield code="2">ddc</subfield>
    <subfield code="c">HN</subfield>
    <subfield code="h">921</subfield>
    <subfield code="m">&#x932;&#x93E;&#x91C;&#x92A;</subfield>
  </datafield>
  <datafield tag="999" ind1=" " ind2=" ">
    <subfield code="c">120318</subfield>
    <subfield code="d">120318</subfield>
  </datafield>
  <datafield tag="952" ind1=" " ind2=" ">
    <subfield code="0">0</subfield>
    <subfield code="1">0</subfield>
    <subfield code="4">0</subfield>
    <subfield code="7">0</subfield>
    <subfield code="a">L</subfield>
    <subfield code="b">L</subfield>
    <subfield code="d">2015-09-22</subfield>
    <subfield code="e">Cen Lib/Ret</subfield>
    <subfield code="g">175.00</subfield>
    <subfield code="l">0</subfield>
    <subfield code="o">921 &#x932;&#x93E;&#x91C;&#x92A;</subfield>
    <subfield code="p">B-144402</subfield>
    <subfield code="r">2015-09-22 00:00:00</subfield>
    <subfield code="t">1</subfield>
    <subfield code="v">175.00</subfield>
    <subfield code="w">2015-09-22</subfield>
    <subfield code="y">HN</subfield>
  </datafield>
  <datafield tag="952" ind1=" " ind2=" ">
    <subfield code="0">0</subfield>
    <subfield code="1">0</subfield>
    <subfield code="2">ddc</subfield>
    <subfield code="4">0</subfield>
    <subfield code="7">0</subfield>
    <subfield code="8">NFIC</subfield>
    <subfield code="a">ZLS</subfield>
    <subfield code="b">ZLS</subfield>
    <subfield code="d">2021-10-18</subfield>
    <subfield code="l">0</subfield>
    <subfield code="o">921 &#x932;&#x93E;&#x91C;&#x92A;</subfield>
    <subfield code="p">B-144403</subfield>
    <subfield code="r">2021-10-18 00:00:00</subfield>
    <subfield code="v">175.00</subfield>
    <subfield code="w">2021-10-18</subfield>
    <subfield code="y">HN</subfield>
  </datafield>
</record>
